000 00316nam a22001457a 4500
008 210429b ||||| |||| 00| 0 eng d
020 _a9780324060539
041 _aeng
080 _214th
_a34
082 _a34
100 _a13
101 _aJUR
245 _aLaw for Business
_cJohn D. Ashcroft
942 _2udc
_cBK
999 _c56920
_d56920